| 000 | 00516nam a22001937a 4500 | ||
|---|---|---|---|
| 003 | OSt | ||
| 005 | 20151123142154.0 | ||
| 008 | 151123b xxu||||| |||| 00| 0 eng d | ||
| 020 | _a0750634049 | ||
| 040 | _cDLMN. | ||
| 082 | _aWY128A951998. | ||
| 100 |
_aRolfe,Gary;Fulbrook,Paul; _96165 |
||
| 245 | _aAdvanced Nursing Practice. | ||
| 260 |
_aOxford Boston; _bButterworth Heinemann. _c1998. |
||
| 300 |
_axv,298p; _bill; _c23cm |
||
| 504 | _aincludes index. | ||
| 650 |
_aNursing Practice. _9705 |
||
| 942 |
_2z _cSLOAN |
||
| 999 |
_c2657 _d2657 |
||